Milagro de la rosa / (Record no. 71504)

MARC details
000 -LEADER
campo de control de longitud fija 00761nam a2200241 i 4500
001 - NÚMERO DE CONTROL
campo de control 71504
003 - IDENTIFICADOR DE NÚMERO DE CONTROL
campo de control ES-MaACL
005 - FECHA Y HORA DE LA ÚLTIMA TRANSACCIÓN
campo de control 20230906171141.0
007 - CAMPO FIJO DE DESCRIPCIÓN FÍSICA--INFORMACIÓN GENERAL
campo de control de longitud fija t|
008 - DATOS DE LONGITUD FIJA--INFORMACIÓN GENERAL
campo de control de longitud fija 040811s1985 sp ||||1| spa d
020 ## - NÚMERO INTERNACIONAL ESTÁNDAR DEL LIBRO
Número Internacional Estándar del Libro 84-7444-170-6
100 1# - ENTRADA PRINCIPAL--NOMBRE DE PERSONA
Nombre de persona Genet, Jean.
9 (RLIN) 56303
245 10 - MENCIÓN DEL TÍTULO
Título Milagro de la rosa /
Mención de responsabilidad, etc. Jean Genet ; [versión de María Teresa Gallego Urrutia, María Isabel Reverte Cejudo].
250 ## - MENCION DE EDICION
Mención de edición [2ª ed.].
260 ## - PUBLICACIÓN, DISTRIBUCIÓN, ETC.
Lugar de publicación, distribución, etc. Madrid :
Nombre del editor, distribuidor, etc. Debate,
Fecha de publicación, distribución, etc. 1985.
300 ## - DESCRIPCIÓN FÍSICA
Extensión 370 p. ;
Dimensiones 21 cm.
490 1# - MENCIÓN DE SERIE
Mención de serie Debate literatura ;
Designación de volumen o secuencia 5
700 1# - ENTRADA AGREGADA--NOMBRE PERSONAL
Nombre de persona Gallego Urrutia, María Teresa.
9 (RLIN) 53590
700 1# - ENTRADA AGREGADA--NOMBRE PERSONAL
Nombre de persona Reverté Cejudo, María Isabel.
9 (RLIN) 96417
830 0# - PUNTO DE ACCESO ADICIONAL DE SERIE-TÍTULO UNIFORME
Título uniforme Debate literatura ;
Designación de volumen o secuencia 5
9 (RLIN) 181756
852 ## - LOCALIZACIÓN
Ubicación ES-MaACL
Número de control de estantería L-8442
Sublocalización o colección R.109248
Holdings
Estatus retirado Estado de pérdida Estado de daño No para préstamo Biblioteca de origen Biblioteca actual Ubicación en estantería Fecha de adquisición Fuente de adquisición Total de préstamos Signatura topográfica completa Código de barras Visto por última vez Precio de reemplazo Tipo de ítem Koha
        Biblioteca del Ateneo de Madrid Biblioteca del Ateneo de Madrid Depósito 2 17/01/2008     L-8442 1074861 23/02/2023 23/02/2023 Libro impreso